El Gobierno matiza los resultados del CAFTA
Kaydedildi:
| Materyal Türü: | Metin |
|---|---|
| Konular: | |
| Etiketler: |
Etiketle
Etiket eklenmemiş, İlk siz ekleyin!
|
MARC
| LEADER | 00000 a a2200000 04500 | ||
|---|---|---|---|
| 001 | 6806 | ||
| 003 | |||
| 040 | |||
| 245 | |a El Gobierno matiza los resultados del CAFTA | ||
| 650 | |a GOBIERNO | ||
| 650 | |a TLC | ||
| 650 | |a ECONOMIA | ||
| 650 | |a EXPORTACIONES | ||
| 650 | |a AGRICULTURA | ||
| 650 | |a EL SALVADOR | ||
| 773 | |g volumen 27, número 1232; páginas 6-8 | ||
| 999 | |c 27207 |d 27207 | ||
